000 00460nam a22001937a 4500
003 OSt
005 20241029112229.0
008 241029b |||||||| |||| 00| 0 eng d
040 _cMRSPTU
041 _aENG
082 _a635
_bTY-B
100 _aTyagi, S.K
245 _aBasic Concepts of Vegetable Science
260 _aJodhpur
_bScientific Pub.
_c2021
300 _a628
650 _aAgriculture
700 _aKhire, Arun R.
942 _2ddc
_cBK
_n0
999 _c10398
_d10398